| 000 | 00465nam a2200145 a 4500 | ||
|---|---|---|---|
| 001 | 1993 | ||
| 003 | CDMR | ||
| 005 | 20130227141112.0 | ||
| 008 | 130130s2003||||||||||||||||||||||||||||d | ||
| 020 | _a8492248211 | ||
| 040 |
_aCDMR _bcat _cCPC LLEIDA |
||
| 245 | 3 |
_aLa documentació catalana a Salamanca _b: l'estat de la qüestió, 1936-2003 _cÀngels Bernal, Miquel Casademont, Antoni Mayans |
|
| 260 |
_aGirona _c2003 _bAssociació Arxivers de Catalunya |
||
| 942 |
_cMON _2ddc |
||
| 999 |
_c1993 _d1993 |
||